00429nam a2200181Ia 4500003000400000005001700004008004100021020001900062040000700081041000800088082001700096100001900113245003900132260003400171300000900205650001400214700001900228OSt20250823095948.0250729s1900 xx 000 0 und d a978-8188836338 cAL aeng a371.333 RAOM aRao Nageshwara aMethods and techniques of teaching aNew DelhibSonali Publication a351p aEducation aRao Digumurthi